Análisis de los datos de producción del campo geotérmico Momotombo
El trabajo presenta un análisis e interpretación de ocho años de producción de fluido termal en el campo geotérmico Momotombo, Nicaragua, comprendidos entre 1983 y 1991. El trabajo consiste en un estudio detallado de los métodos de medición usados para estimar flujos totales de agua y entalpi...
| Main Author: | |
|---|---|
| Other Authors: | |
| Format: | Tesis Section = Libro |
| Language: | Undetermined Spanish |
| Published: |
Managua
UNI
1993
|
| Subjects: |
| LEADER | 01178nam a2200229Ia 4500 | ||
|---|---|---|---|
| 008 | 240830s9999 xx 000 0 und d | ||
| 040 | |a BIBLIOTECA-RUPAP Mon 621.4 P838 | ||
| 041 | |a spa | ||
| 082 | |a Mon 621.4 P838 | ||
| 100 | 1 | |a Porras Mendieta, Enrique Alberto | |
| 245 | 1 | 0 | |a Análisis de los datos de producción del campo geotérmico Momotombo |
| 260 | |a Managua |b UNI |c 1993 | ||
| 300 | |a 160 p. :il. | ||
| 502 | |a Tesis (Ingeniero Mecánico)- UNI, 1993. | ||
| 520 | 3 | |a El trabajo presenta un análisis e interpretación de ocho años de producción de fluido termal en el campo geotérmico Momotombo, Nicaragua, comprendidos entre 1983 y 1991. El trabajo consiste en un estudio detallado de los métodos de medición usados para estimar flujos totales de agua y entalpía provenientes de los pozos geotérmicos del campo., colecta y gráfica de datos de producción disponible desde enero de 1987 a diciembre de 1991 con respecto al tiempo la producción acumulada del campo es | |
| 650 | 7 | |a TERMODINAMICA | |
| 650 | 7 | |b MAQUINAS TERMICAS | |
| 650 | 7 | |c INGENIERIA MECANICA | |
| 700 | 1 | |a Tutor: |b Waring, Ross | |
| 942 | |c BK |2 ddc | ||
| 991 | |a TESIS | ||
| 999 | |c 15766 | ||